[Event "Titled Tuesday intern op 22nd Nov Late"]
[White "Tomaszewski, Kacper"]
[Black "Artemenko, Oleg"]
[Site "Chess.com INT"]
[Round "6"]
[Result "0-1"]
[Date "2022.11.22"]
[WhiteElo "2313"]
[BlackElo "2246"]
[PlyCount "104"]
[EventDate "2022.11.22"]
[EventType "swiss (blitz)"]
[EventRounds "11"]
[EventCountry "USA"]
[SourceTitle "CBM 211 Extra"]
[Source "ChessBase"]
[SourceDate "2023.01.31"]
[SourceVersion "1"]
[SourceVersionDate "2023.01.31"]
[SourceQuality "1"]

1. Nf3 e6 2. e4 d5 3. e5 c5 4. c3 Nc6 5. Na3 c4 6. b3 cxb3 7. axb3 Nge7 8. d4 Ng6 9. Bd3 Be7 10. 0-0 0-0 11. Nc2 Bd7 12. c4 dxc4 13. bxc4 Qc7 14. Bb2 Rfd8 15. Re1 Be8 16. Qd2 a5 17. Qe3 Nb4 18. Nxb4 axb4 19. Rxa8 Rxa8 20. d5 Bc5 21. Bd4 Bxd4 22. Qxd4 exd5 23. cxd5 Qc3 24. Bxg6 hxg6 25. h4 Qxd4 26. Nxd4 Ra5 27. d6 Rd5 28. Nf3 b3 29. Rb1 Ba4 30. Kf1 f6 31. exf6 gxf6 32. Ke2 Bb5+ 33. Ke3 Bc4 34. Nd4 Rxd6 35. Rb2 Kg7 36. g3 f5 37. f4 Kh6 38. Rd2 Kh5 39. Nxb3 Re6+ 40. Kd4 Bxb3 41. Rb2 Ba4 42. Rxb7 Kg4 43. h5 gxh5 44. Rg7+ Kh3 45. Rg5 Bc2 46. Rxh5+ Kxg3 47. Kc3 Be4 48. Kd4 Kxf4 49. Rh8 Rd6+ 50. Kc5 Rd1 51. Kc4 Ke3 52. Re8 f4 0-1

[Event "Titled Tuesday intern op 15th Nov Early"]
[White "Artemenko, Oleg"]
[Black "Goltseva, Ekaterina"]
[Site "Chess.com INT"]
[Round "4"]
[Result "1-0"]
[Date "2022.11.15"]
[WhiteElo "2246"]
[BlackElo "2265"]
[PlyCount "67"]
[EventDate "2022.11.15"]
[EventType "swiss (blitz)"]
[EventRounds "11"]
[EventCountry "USA"]
[SourceTitle "CBM 211 Extra"]
[Source "ChessBase"]
[SourceDate "2023.01.31"]
[SourceVersion "1"]
[SourceVersionDate "2023.01.31"]
[SourceQuality "1"]

1. d4 d5 2. Nc3 Nf6 3. Bf4 e6 4. Nb5 Na6 5. e3 Be7 6. Nf3 0-0 7. h4 c6 8. Nc3 Qa5 9. Bd3 Nb4 10. a3 Nxd3+ 11. cxd3 b5 12. Ne5 Bb7 13. b4 Qd8 14. g4 a5 15. Rb1 axb4 16. axb4 Nd7 17. g5 Nxe5 18. Bxe5 f6 19. gxf6 gxf6 20. Bf4 Kh8 21. Qh5 Bd6 22. Bxd6 Qxd6 23. Rg1 e5 24. Ne2 Bc8 25. Qh6 Ra7 26. dxe5 Qe7 27. Nf4 Bf5 28. Rg6 fxe5 29. Re6 Qf7 30. Rxe5 Rg8 31. Kf1 Ra2 32. Rc1 Rb2 33. Qxc6 Bg4 34. Qc3 1-0

[Event "Titled Tuesday intern op 15th Nov Early"]
[White "Artemenko, Oleg"]
[Black "Gurvich, Vitaly"]
[Site "Chess.com INT"]
[Round "7"]
[Result "0-1"]
[Date "2022.11.15"]
[WhiteElo "2246"]
[BlackElo "2278"]
[PlyCount "132"]
[EventDate "2022.11.15"]
[EventType "swiss (blitz)"]
[EventRounds "11"]
[EventCountry "USA"]
[SourceTitle "CBM 211 Extra"]
[Source "ChessBase"]
[SourceDate "2023.01.31"]
[SourceVersion "1"]
[SourceVersionDate "2023.01.31"]
[SourceQuality "1"]

1. d4 Nf6 2. Nc3 d5 3. Bf4 c6 4. e3 Bf5 5. f3 e6 6. g4 Bg6 7. h4 h5 8. g5 Nfd7 9. Bd3 Bxd3 10. Qxd3 g6 11. Nge2 Bg7 12. e4 Nb6 13. 0-0-0 0-0 14. Be5 Nc4 15. Bxg7 Kxg7 16. f4 Nd6 17. f5 exf5 18. exf5 Nxf5 19. Nf4 Qd7 20. Rde1 Na6 21. Re5 Nd6 22. Nce2 Rae8 23. Qf3 Qg4 24. Qf2 Ne4 25. Rxe4 Rxe4 26. Rg1 Qd7 27. Nxh5+ gxh5 28. Qf6+ Kg8 29. g6 Rg4 30. g7 Rxg1+ 31. Nxg1 Re8 32. Qh6 f6 33. Nf3 Qf5 34. Qh8+ Kf7 35. Qxe8+ Kxe8 36. g8Q+ Ke7 37. Qg7+ Kd8 38. Qf8+ Kc7 39. Qe7+ Kb6 40. Nd2 Qf4 41. c3 Nc7 42. a4 a5 43. Kc2 Na6 44. Qd8+ Ka7 45. Qxa5 Qxh4 46. b3 Qg4 47. b4 Qf5+ 48. Kc1 b6 49. b5 bxa5 50. bxc6 Kb6 51. c4 Kc7 52. cxd5 Qf4 53. Kc2 Qd6 54. Ne4 Qxd5 55. Nxf6 Qxc6+ 56. Kd3 Qxf6 57. d5 Kd6 58. Kc4 h4 59. Kb5 Nb4 60. Kb6 Nxd5+ 61. Kb7 Qa1 62. Ka6 Qxa4 63. Kb7 Qb5+ 64. Kc8 Qc6+ 65. Kb8 Qc7+ 66. Ka8 Nb6# 0-1

[Event "Titled Tuesday intern op 15th Nov Late"]
[White "Artemenko, Oleg"]
[Black "Nugumanov, Bakhtiyar"]
[Site "Chess.com INT"]
[Round "3"]
[Result "1-0"]
[Date "2022.11.15"]
[WhiteElo "2246"]
[BlackElo "2354"]
[PlyCount "73"]
[EventDate "2022.11.15"]
[EventType "swiss (blitz)"]
[EventRounds "11"]
[EventCountry "USA"]
[SourceTitle "CBM 211 Extra"]
[Source "ChessBase"]
[SourceDate "2023.01.31"]
[SourceVersion "1"]
[SourceVersionDate "2023.01.31"]
[SourceQuality "1"]

1. g4 d5 2. Bg2 Bxg4 3. c4 dxc4 4. Bxb7 Nd7 5. Bxa8 Qxa8 6. f3 e5 7. Nc3 Ngf6 8. Qa4 Be6 9. b3 Bc5 10. Ba3 0-0 11. Bxc5 Nxc5 12. Qa5 Qc6 13. bxc4 Bxc4 14. Rc1 Be6 15. Qb5 Qd6 16. Qb2 a6 17. h4 Nh5 18. Ne4 Nxe4 19. fxe4 Ng3 20. Rh2 Nxe4 21. Nf3 Bg4 22. Qxe5 Qb4 23. Rg2 h5 24. Qd4 Qe7 25. Qe5 Qb4 26. Qd4 Qe7 27. Qe3 f5 28. Ng5 Rd8 29. Qb3+ Kh8 30. Nf7+ Kh7 31. Nxd8 Qxh4+ 32. Kd1 Qh1+ 33. Kc2 Qxg2 34. Ne6 Qxe2 35. Qd5 Nf2 36. Qc6 Qxd2+ 37. Kxd2 1-0

[Event "Titled Tuesday intern op 15th Nov Early"]
[White "Artemenko, Oleg"]
[Black "Seemann, Jakub"]
[Site "Chess.com INT"]
[Round "10"]
[Result "0-1"]
[Date "2022.11.15"]
[WhiteElo "2246"]
[BlackElo "2375"]
[PlyCount "124"]
[EventDate "2022.11.15"]
[EventType "swiss (blitz)"]
[EventRounds "11"]
[EventCountry "USA"]
[SourceTitle "CBM 211 Extra"]
[Source "ChessBase"]
[SourceDate "2023.01.31"]
[SourceVersion "1"]
[SourceVersionDate "2023.01.31"]
[SourceQuality "1"]

1. e4 e6 2. d4 d5 3. e5 c5 4. c3 Bd7 5. Nf3 Qb6 6. Be2 cxd4 7. cxd4 Bb5 8. Nc3 Bb4 9. 0-0 Bxc3 10. bxc3 Bxe2 11. Qxe2 Nc6 12. Ba3 Nge7 13. Rab1 Qc7 14. Nh4 0-0 15. f4 Rfc8 16. f5 exf5 17. Nxf5 Nxf5 18. Rxf5 Qd7 19. Rbf1 Nd8 20. Rxf7 Nxf7 21. e6 Re8 22. Rxf7 Rxe6 23. Rxd7 Rxe2 24. Rxd5 Rxa2 25. Bc5 b6 26. Be7 Rc8 27. h4 Rxc3 28. Bd6 Rcc2 29. Rg5 h6 30. Rg6 Kf7 31. h5 Ra5 32. Be5 Rxe5 33. dxe5 Re2 34. Rc6 Rxe5 35. Rc7+ Re7 36. Rc8 Rb7 37. Kf1 b5 38. Ke1 Kf6 39. Kd1 Kg5 40. Rc5+ Kg4 41. Kc1 a5 42. Kb2 a4 43. Ka3 b4+ 44. Kxa4 b3 45. Rc1 b2 46. Rb1 Kxh5 47. Ka3 Kg4 48. Ka2 Kg3 49. Ka3 h5 50. Ka2 h4 51. Ka3 g5 52. Ka2 g4 53. Ka3 Kxg2 54. Ka2 h3 55. Ka3 h2 56. Ka2 h1Q 57. Rxh1 Kxh1 58. Kb1 g3 59. Kc2 b1Q+ 60. Kd2 Rd7+ 61. Ke3 Qf5 62. Ke2 Qf2# 0-1

[Event "Titled Tuesday intern op 15th Nov Late"]
[White "Megalios, Konstantinos"]
[Black "Artemenko, Oleg"]
[Site "Chess.com INT"]
[Round "10"]
[Result "1-0"]
[Date "2022.11.15"]
[WhiteElo "2397"]
[BlackElo "2246"]
[PlyCount "39"]
[EventDate "2022.11.15"]
[EventType "swiss (blitz)"]
[EventRounds "11"]
[EventCountry "USA"]
[SourceTitle "CBM 211 Extra"]
[Source "ChessBase"]
[SourceDate "2023.01.31"]
[SourceVersion "1"]
[SourceVersionDate "2023.01.31"]
[SourceQuality "1"]

1. e4 g5 2. d4 h6 3. h4 gxh4 4. Qh5 Nf6 5. Qxh4 Rg8 6. f3 c5 7. dxc5 Nc6 8. Nc3 d6 9. Be3 Be6 10. 0-0-0 Qa5 11. a3 dxc5 12. Nh3 Bxh3 13. Qxh3 e6 14. Bb5 Rc8 15. e5 Nd7 16. f4 a6 17. Be2 b5 18. Bh5 Nd8 19. Bxf7+ Ke7 20. Bxg8 1-0

[Event "Titled Tuesday intern op 15th Nov Early"]
[White "Sargsyan, Anna M"]
[Black "Artemenko, Oleg"]
[Site "Chess.com INT"]
[Round "9"]
[Result "1-0"]
[Date "2022.11.15"]
[WhiteElo "2384"]
[BlackElo "2246"]
[PlyCount "123"]
[EventDate "2022.11.15"]
[EventType "swiss (blitz)"]
[EventRounds "11"]
[EventCountry "USA"]
[SourceTitle "CBM 211 Extra"]
[Source "ChessBase"]
[SourceDate "2023.01.31"]
[SourceVersion "1"]
[SourceVersionDate "2023.01.31"]
[SourceQuality "1"]

1. d4 e6 2. e4 d5 3. Nc3 Nf6 4. e5 Nfd7 5. f4 c5 6. Nf3 Nc6 7. Be3 Qb6 8. Na4 Qa5+ 9. c3 b6 10. Kf2 cxd4 11. cxd4 b5 12. Nc3 b4 13. Ne2 Qb6 14. f5 Be7 15. Nf4 Nd8 16. Bd3 Ba6 17. h4 Rc8 18. Ng5 Bxd3 19. Qxd3 g6 20. fxe6 Nxe6 21. Nxd5 Qb7 22. Nxe7 Kxe7 23. Ne4 Qd5 24. Bg5+ Nxg5 25. Nxg5 h6 26. Nf3 Nc5 27. Qe3 Ne4+ 28. Kg1 Rc2 29. Re1 Ng3 30. Rh3 Nf5 31. Qf4 Rhc8 32. h5 Rxb2 33. hxg6 fxg6 34. Rxh6 Nxh6 35. Qxh6 Rcc2 36. Qg5+ Kd7 37. Nh4 Qxd4+ 38. Kh2 Qd2 39. Qg4+ Kc7 40. Re4 Qh6 41. e6 Rxg2+ 42. Qxg2 Rxg2+ 43. Kxg2 Qg5+ 44. Kf3 Qe7 45. Nxg6 Qf6+ 46. Nf4 Kd8 47. e7+ Ke8 48. Ke3 Qc3+ 49. Nd3 a5 50. Ke2 Qc2+ 51. Ke3 Qxa2 52. Nf4 Qb3+ 53. Kf2 Qb2+ 54. Kf3 Qf6 55. Re6 Qc3+ 56. Ke4 Qc4+ 57. Kf5 b3 58. Nh5 b2 59. Nf6+ Kf7 60. e8Q+ Kg7 61. Qg8+ Kh6 62. Qg6# 1-0

[Event "Titled Tuesday intern op 15th Nov Early"]
[White "Vlassov, Nikolai"]
[Black "Artemenko, Oleg"]
[Site "Chess.com INT"]
[Round "2"]
[Result "0-1"]
[Date "2022.11.15"]
[WhiteElo "2283"]
[BlackElo "2246"]
[PlyCount "52"]
[EventDate "2022.11.15"]
[EventType "swiss (blitz)"]
[EventRounds "11"]
[EventCountry "USA"]
[SourceTitle "CBM 211 Extra"]
[Source "ChessBase"]
[SourceDate "2023.01.31"]
[SourceVersion "1"]
[SourceVersionDate "2023.01.31"]
[SourceQuality "1"]

1. e4 e6 2. c4 d5 3. cxd5 exd5 4. Qb3 Nf6 5. e5 Ne4 6. d4 c5 7. Bb5+ Nc6 8. Ne2 Qa5+ 9. Nbc3 c4 10. Bxc6+ bxc6 11. Qc2 Bf5 12. Qd1 Bb4 13. 0-0 Nxc3 14. bxc3 Bxc3 15. Nxc3 Qxc3 16. Be3 0-0 17. Qa4 Bd7 18. Rfc1 Qd3 19. Rab1 Qg6 20. Kh1 h5 21. Rb7 Bf5 22. Rxa7 Rab8 23. Ra6 Be4 24. f3 Rb2 25. Rg1 Rxg2 26. Rxg2 Bxf3 0-1

[Event "Titled Tuesday intern op 08th Nov Early"]
[White "Artemenko, Oleg"]
[Black "Buscar, Michael"]
[Site "Chess.com INT"]
[Round "2"]
[Result "1-0"]
[Date "2022.11.08"]
[WhiteElo "2246"]
[BlackElo "2041"]
[PlyCount "79"]
[EventDate "2022.11.08"]
[EventType "swiss (blitz)"]
[EventRounds "11"]
[EventCountry "USA"]
[SourceTitle "EXT 2024"]
[Source "ChessBase"]
[SourceDate "2023.10.10"]
[SourceVersion "1"]
[SourceVersionDate "2023.10.10"]
[SourceQuality "1"]

1. d4 d5 2. Nc3 Nf6 3. Bf4 Bf5 4. f3 h5 5. e3 a6 6. Bd3 e6 7. Nge2 Be7 8. 0-0 Bxd3 9. cxd3 Nbd7 10. Rc1 Nf8 11. Qb3 Ng6 12. Qxb7 Nxf4 13. Qc6+ Nd7 14. Nxf4 h4 15. e4 Bg5 16. Nxe6 fxe6 17. Qxe6+ Kf8 18. f4 Be7 19. Nxd5 c5 20. f5 Rh6 21. Qxe7+ Qxe7 22. Nxe7 Kxe7 23. dxc5 Ne5 24. d4 Nd3 25. Rc3 Nb4 26. Rb3 Nc6 27. Rb7+ Ke8 28. d5 Ne5 29. Rxg7 Rc8 30. c6 Kd8 31. f6 Rh8 32. f7 Rf8 33. Rf5 Nc4 34. e5 Ke7 35. d6+ Ke6 36. d7 Rxc6 37. d8Q Rxd8 38. Rf6+ Kxe5 39. Rxc6 Ne3 40. Kf2 1-0

[Event "Titled Tuesday intern op 08th Nov Early"]
[White "Besedes, Danilo"]
[Black "Artemenko, Oleg"]
[Site "Chess.com INT"]
[Round "11"]
[Result "0-1"]
[Date "2022.11.08"]
[WhiteElo "2302"]
[BlackElo "2246"]
[PlyCount "70"]
[EventDate "2022.11.08"]
[EventType "swiss (blitz)"]
[EventRounds "11"]
[EventCountry "USA"]
[SourceTitle "EXT 2024"]
[Source "ChessBase"]
[SourceDate "2023.10.10"]
[SourceVersion "1"]
[SourceVersionDate "2023.10.10"]
[SourceQuality "1"]

1. Nf3 d5 2. e3 Nf6 3. b3 g6 4. Bb2 Bg7 5. g3 0-0 6. Bg2 Nbd7 7. 0-0 Re8 8. d4 c6 9. c4 Ne4 10. Nc3 Nxc3 11. Bxc3 dxc4 12. bxc4 Qc7 13. Qb3 e5 14. Rfd1 exd4 15. exd4 Nb6 16. Ba5 Be6 17. Ng5 Bg4 18. Rd2 Qe7 19. Ne4 Rad8 20. Bb4 Qe6 21. Rc1 Rxd4 22. Rxd4 Bxd4 23. Nd6 Re7 24. Qd3 c5 25. Re1 Qxd6 26. Rxe7 Qxe7 27. Qxd4 cxd4 28. Bxe7 d3 29. Bb4 Nxc4 30. f3 Bd7 31. Kf2 a5 32. Bc3 b5 33. Bf1 b4 34. Bd4 d2 35. Be2 Ba4 0-1

[Event "Titled Tuesday intern op 08th Nov Early"]
[White "Noboa Silva, Kevin Omar"]
[Black "Artemenko, Oleg"]
[Site "Chess.com INT"]
[Round "9"]
[Result "0-1"]
[Date "2022.11.08"]
[WhiteElo "2278"]
[BlackElo "2246"]
[PlyCount "66"]
[EventDate "2022.11.08"]
[EventType "swiss (blitz)"]
[EventRounds "11"]
[EventCountry "USA"]
[SourceTitle "EXT 2024"]
[Source "ChessBase"]
[SourceDate "2023.10.10"]
[SourceVersion "1"]
[SourceVersionDate "2023.10.10"]
[SourceQuality "1"]

1. d4 e6 2. c4 b6 3. Nc3 Bb7 4. Nf3 Bb4 5. e3 Nf6 6. Bd3 0-0 7. 0-0 d6 8. Nd2 Nbd7 9. e4 c5 10. d5 exd5 11. exd5 Bxc3 12. bxc3 Re8 13. f4 a6 14. Nf3 b5 15. Rb1 Qb6 16. cxb5 c4+ 17. Nd4 cxd3 18. bxa6 Qxb1 19. axb7 Qxb7 20. Qxd3 Qxd5 21. a3 Nc5 22. Qh3 Nb3 23. Nxb3 Qxb3 24. f5 Qb6+ 25. Kh1 Qb5 26. Qf3 Rac8 27. Bg5 Rxc3 28. Qf4 Rc4 29. Qf3 Rce4 30. Bxf6 Qxf1+ 31. Qxf1 Re1 32. Kg1 Rxf1+ 33. Kxf1 gxf6 0-1

[Event "Titled Tuesday intern op 08th Nov Early"]
[White "Paravyan, David"]
[Black "Artemenko, Oleg"]
[Site "Chess.com INT"]
[Round "5"]
[Result "1/2-1/2"]
[Date "2022.11.08"]
[WhiteElo "2586"]
[BlackElo "2246"]
[PlyCount "90"]
[EventDate "2022.11.08"]
[EventType "swiss (blitz)"]
[EventRounds "11"]
[EventCountry "USA"]
[SourceTitle "EXT 2024"]
[Source "ChessBase"]
[SourceDate "2023.10.10"]
[SourceVersion "1"]
[SourceVersionDate "2023.10.10"]
[SourceQuality "1"]

1. e4 e5 2. Nf3 Nc6 3. Nc3 Nf6 4. d4 exd4 5. Nxd4 Bb4 6. Nxc6 bxc6 7. Bd3 d5 8. exd5 cxd5 9. 0-0 0-0 10. h3 Rb8 11. a3 Be7 12. b4 c5 13. bxc5 Bxc5 14. Bf4 Bd6 15. Qd2 a6 16. Rfe1 h6 17. Ne2 Qc7 18. Bxd6 Qxd6 19. Nd4 Bd7 20. Qa5 Rb6 21. Rab1 Rfb8 22. Rxb6 Rxb6 23. Nf3 Be6 24. Qc3 Rc6 25. Qb4 Qc7 26. Nd4 Rb6 27. Qa5 Qd6 28. Nb3 Ne4 29. Rd1 Qb8 30. Nc5 Rb1 31. Rxb1 Qxb1+ 32. Kh2 Qb8+ 33. Kg1 Qb1+ 34. Bf1 Qxc2 35. Nxe4 Qxe4 36. Qxa6 d4 37. a4 Bf5 38. g4 Bg6 39. Qe2 Qxe2 40. Bxe2 Bc2 41. Bf3 d3 42. Be4 Bb1 43. Bf3 Bc2 44. Be4 Bb1 45. Bf3 Bc2 1/2-1/2

[Event "Titled Tuesday intern op 28th Jun Early"]
[White "Jubin, Jimmy"]
[Black "Artemenko, Oleg"]
[Site "Chess.com INT"]
[Round "3"]
[Result "0-1"]
[Date "2022.06.28"]
[WhiteElo "2259"]
[BlackElo "2246"]
[PlyCount "152"]
[EventDate "2022.06.28"]
[EventType "swiss (blitz)"]
[EventRounds "11"]
[EventCountry "USA"]
[SourceTitle "CBM 209 Extra"]
[Source "ChessBase"]
[SourceDate "2022.09.30"]
[SourceVersion "1"]
[SourceVersionDate "2022.09.30"]
[SourceQuality "1"]

1. d4 Nf6 2. c4 e6 3. Nc3 c5 4. d5 exd5 5. cxd5 d6 6. Nf3 g6 7. Bf4 Bg7 8. h3 0-0 9. e3 Na6 10. Be2 Nc7 11. a4 b6 12. 0-0 Rb8 13. Bh2 a6 14. Nd2 b5 15. axb5 axb5 16. Nde4 Nxe4 17. Nxe4 Ne8 18. Qd2 Qb6 19. Ra2 Bf5 20. Nc3 Nc7 21. Rfa1 Rfe8 22. Kh1 Bd7 23. Bg3 f5 24. Bd3 c4 25. Bf1 Ra8 26. Rxa8 Rxa8 27. Rxa8+ Nxa8 28. e4 b4 29. Nd1 Qc5 30. Qc1 Nb6 31. exf5 Bxf5 32. Ne3 Bd3 33. Bxd3 cxd3 34. Qd2 Nxd5 35. Qxd3 Nxe3 36. fxe3 d5 37. b3 Bf6 38. Qa6 Kf7 39. Qb7+ Be7 40. Bf2 Qc1+ 41. Kh2 Qd2 42. Bg3 Qxe3 43. Qxd5+ Qe6 44. Qd3 h5 45. Bf4 Qf6 46. Kg3 h4+ 47. Kg4 Qe6+ 48. Kf3 Qc6+ 49. Qe4 Qc3+ 50. Qe3 Qc6+ 51. Ke2 Qxg2+ 52. Kd3 Qd5+ 53. Ke2 g5 54. Bc7 Bf6 55. Bb6 Kg6 56. Bc5 Kf5 57. Bxb4 Qg2+ 58. Kd3 Qf1+ 59. Kc2 Qg2+ 60. Kd3 Qd5+ 61. Ke2 Bd4 62. Qf3+ Qxf3+ 63. Kxf3 Be5 64. Bd2 Bb8 65. b4 Bc7 66. b5 Bb6 67. Be3 Bc7 68. b6 Bd6 69. Bc5 Bxc5 70. b7 Bd6 71. Ke2 Kf4 72. Kf2 Bb8 73. Kg2 Ke3 74. Kg1 Kf3 75. Kh1 Kg3 76. Kg1 Kxh3 0-1